<?xml version="1.0" encoding="UTF-8"?>
<record
    xmlns:xsi="http://www.w3.org/2001/XMLSchema-instance"
    xsi:schemaLocation="http://www.loc.gov/MARC21/slim http://www.loc.gov/standards/marcxml/schema/MARC21slim.xsd"
    xmlns="http://www.loc.gov/MARC21/slim">

  <leader>01649namaa22003371i 4500</leader>
  <controlfield tag="005">20260412114341.0</controlfield>
  <controlfield tag="008">260412s1995    ua a|||frm||| 000 0 eng d</controlfield>
  <datafield tag="040" ind1=" " ind2=" ">
    <subfield code="a">EG-GICUC</subfield>
    <subfield code="b">eng</subfield>
    <subfield code="c">EG-GICUC</subfield>
    <subfield code="d">EG-GICUC</subfield>
    <subfield code="e">rda</subfield>
  </datafield>
  <datafield tag="041" ind1="0" ind2=" ">
    <subfield code="a">eng</subfield>
    <subfield code="b">eng</subfield>
    <subfield code="b">ara</subfield>
  </datafield>
  <datafield tag="049" ind1=" " ind2=" ">
    <subfield code="a">Deposit</subfield>
  </datafield>
  <datafield tag="097" ind1=" " ind2=" ">
    <subfield code="a">Ph.D</subfield>
  </datafield>
  <datafield tag="099" ind1=" " ind2=" ">
    <subfield code="a">Cai01.12.21.Ph.D.1995.El.I</subfield>
  </datafield>
  <datafield tag="100" ind1="0" ind2=" ">
    <subfield code="a">El-Rashdy Moustafa Mohamed Redwan,</subfield>
    <subfield code="e">preparation.</subfield>
  </datafield>
  <datafield tag="245" ind1="1" ind2="0">
    <subfield code="a">Immune Dependent Chemoprophylaxis of Murine Schistosomiasis Mansoni with Free And Liposome Entrapped oxamniquine /</subfield>
    <subfield code="c">By El-Rashdy Moustafa Mohamed Redwan ; Supervised Prof. Dr. Rashika El-Ridi, Prof. Dr. Mohamed S. El-Ridy, Dr. Nabil I. Guirguis, Dr. Ahmed Osman</subfield>
  </datafield>
  <datafield tag="246" ind1="1" ind2="5">
    <subfield code="a">&#x645;&#x634;&#x627;&#x631;&#x643;&#x629; &#x627;&#x644;&#x62C;&#x647;&#x627;&#x632; &#x627;&#x644;&#x645;&#x646;&#x627;&#x639;&#x64A; &#x641;&#x64A; &#x627;&#x644;&#x648;&#x642;&#x627;&#x64A;&#x629; &#x628;&#x627;&#x644;&#x627;&#x643;&#x632;&#x627;&#x645;&#x627;&#x646;&#x643;&#x648;&#x64A;&#x646; &#x627;&#x644;&#x645;&#x62D;&#x645;&#x644; &#x648;&#x63A;&#x64A;&#x631; &#x627;&#x644;&#x645;&#x62D;&#x645;&#x644; &#x641;&#x64A; &#x644;&#x64A;&#x628;&#x648;&#x632;&#x648;&#x645;&#x627;&#x62A; &#x645;&#x646; &#x628;&#x644;&#x647;&#x627;&#x631;&#x633;&#x64A;&#x627; &#x627;&#x644;&#x645;&#x633;&#x62A;&#x642;&#x64A;&#x645; &#x641;&#x64A; &#x627;&#x644;&#x641;&#x626;&#x631;&#x627;&#x646; &#x627;&#x644;&#x628;&#x64A;&#x636;&#x627;&#x621;</subfield>
  </datafield>
  <datafield tag="264" ind1=" " ind2="0">
    <subfield code="c">1995.</subfield>
  </datafield>
  <datafield tag="300" ind1=" " ind2=" ">
    <subfield code="a">213 Leaves</subfield>
    <subfield code="b">illustrations </subfield>
    <subfield code="c">30 cm. + </subfield>
  </datafield>
  <datafield tag="336" ind1=" " ind2=" ">
    <subfield code="2">rda content</subfield>
    <subfield code="a">text</subfield>
  </datafield>
  <datafield tag="337" ind1=" " ind2=" ">
    <subfield code="2">rdamedia</subfield>
    <subfield code="a">Unmediated</subfield>
  </datafield>
  <datafield tag="338" ind1=" " ind2=" ">
    <subfield code="2">rdacarrier</subfield>
    <subfield code="a">volume</subfield>
  </datafield>
  <datafield tag="502" ind1=" " ind2=" ">
    <subfield code="a">Thesis (Ph.D)-Cairo University, 1995</subfield>
  </datafield>
  <datafield tag="504" ind1=" " ind2=" ">
    <subfield code="a">Bibliography: pages 188-213</subfield>
  </datafield>
  <datafield tag="653" ind1=" " ind2="0">
    <subfield code="a">Immune Dependent Chemoprophylaxis of Murine Schistosomiasis</subfield>
  </datafield>
  <datafield tag="700" ind1="0" ind2=" ">
    <subfield code="a">Rashika El-Rid</subfield>
    <subfield code="e">thesis advisor.</subfield>
  </datafield>
  <datafield tag="700" ind1="0" ind2=" ">
    <subfield code="a">Mohamed S. El-Ridy</subfield>
    <subfield code="e">thesis advisor.</subfield>
  </datafield>
  <datafield tag="700" ind1="0" ind2=" ">
    <subfield code="a">Nabil I. Guirguis</subfield>
    <subfield code="e">thesis advisor.</subfield>
  </datafield>
  <datafield tag="700" ind1="0" ind2=" ">
    <subfield code="a">Ahmed Osman</subfield>
    <subfield code="e">thesis advisor.</subfield>
  </datafield>
  <datafield tag="900" ind1=" " ind2=" ">
    <subfield code="D">Department of Zoology</subfield>
    <subfield code="F">Faculty of Science</subfield>
    <subfield code="U">Cairo University</subfield>
    <subfield code="b">1995</subfield>
    <subfield code="c">Rashika El-Rid</subfield>
    <subfield code="c">Mohamed S. El-Ridy</subfield>
    <subfield code="c">Nabil I. Guirguis,</subfield>
    <subfield code="c">Ahmed Osman</subfield>
  </datafield>
  <datafield tag="905" ind1=" " ind2=" ">
    <subfield code="a">Nehad</subfield>
  </datafield>
  <datafield tag="942" ind1=" " ind2=" ">
    <subfield code="2">ddc</subfield>
    <subfield code="c">TH</subfield>
    <subfield code="e">21</subfield>
    <subfield code="n">0</subfield>
  </datafield>
  <datafield tag="999" ind1=" " ind2=" ">
    <subfield code="c">179413</subfield>
  </datafield>
</record>
